000 00650nam a2200217 i 4500
001 50602
003 ES-MaACL
005 20230906162215.0
007 t|
008 030805s1952 sp f |||| | spa d
100 1 _aCubero, José Eloy.
_941930
245 1 0 _aResidencias de verano /
_cpor José Eloy Cubero.
260 _aMadrid :
_bPublicaciones Españolas,
_c1952.
300 _a30 lám., [4] p. de lám. ;
_c24 cm.
490 1 _aTemas españoles ;
_v13
650 4 _aViviendas secundarias.
_9163130
650 4 _aCasas de campo.
_9146829
830 1 _aTemas españoles ;
_v13
_9178712
852 _aES-MaACL
_j1980-F-18
999 _c50602
_d50602